01816nam a22003017a 4500003000900000008004100009040007100050082004500121110005500166245006800221260003300289300002900322440006400351505077800415650002301193650002601216650001601242650002401258650001101282650001401293700002901307700002001336700003101356700002601387700002001413700002601433710005501459AR-CdUCM190425b ||||| |||| 00| 0 spa d aMUNICIPALIDAD PROVINCIAL DEL CUSCOcBIBLIOTECA MUNICIPAL DEL CUSCO aRev.Univ/N°73/1937bRev.Univ/N°73/1937 aUniversidad Nacional de San Antonio Abad del Cusco aRevista Universitaria :bÓrgano de la Universidad del Cuzco / aCusco :bH. G. Rozas,c1937. a208 páginas. :c20 cm. aRevista UniversitarianAño XXVI, 2° semestre 1937, N°73 aContenido: Ampliando el herbarium de la Universidad del Cuzco. César Vargas C. -- Contribución al estudio de la flora peruana. V. Soukup. -- El estado actual de nuestros conocimientos acerca de la Flora del departamento del Cuzco. Fortunato L. Herrera. -- Un importante aporte del Dr. Melo. -- Hacia la historia del Cuzco. José Gabriel Cosio. -- El gran templo de Huiraccocha. Víctor M. Guillén. -- Campos de cultivo en andenería de los antiguos. Federico Ponce de León. -- El divorcio y sus efectos en el nuevo código civil. Cesar Augusto Muñiz. -- El mutuo disenso en causal de divorcio absoluto. Francisco Pince de León. -- Notas bibliográficas. Alfredo Yépez Miranda. -- El alferazgo real de indios en la época colonial. José Uriel García. aHistoria del Cusco aBotánica cusqueña aIndigenismo aTemplo de Wiraqocha aRaqchi aAlferazgo aYépez Miranda, Alfredo aGarcía, Uriel aPonce de León, Francisco aCosio, José Gabriel aVargas, César aGuillén, Víctor M aUniversidad Nacional de San Antonio Abad del Cusco